000 00503nam a22001817a 4500
999 _c525643
_d525643
003 NUST
005 20190703104749.0
020 _c(Hbk)
038 _aM. Shaban
082 _a297.07
_bFAZ
100 _aDr. Fazal ur Rehman
_916574
245 _aIslam aor jadeediat /
_cDr. Fazal ur Rehman
260 _aLahore :
_bMaktaba Jadeed press,
_c1998.
300 _a254 p. ;
880 _6100-01\r
_aڈاکٹر فضل الرحمٰن
880 _6245-02\r
_aاسلام اور جدیدیت /
942 _2ddc
_cBK